000 02015cam a22005054i 4500
003 PE-LiUPU
005 20250731173427.0
008 150706s2008 cau r 000 0 spa d
020 _a9780829750065
035 _a(Sirsi) i9780829750065
040 _aPE-LiUPU
_bspa
_cPE-LiUPU
_erda
049 _aPRUA
082 0 4 _a259.2
_bO73
_221
100 1 _aOrtíz, Félix,
_eautor.
245 1 0 _aRaíces :
_bpastoral juvenil en profundidad /
_cFélix Ortiz. [et al.] ; edición por Silvia Himitian.
264 1 _aFlorida :
_bVida,
_c2008.
300 _a333 páginas :
_bilustraciones ;
_c23 centímetros
336 _atext
_2rdacontent
337 _aunmediated
_2rdamedia
338 _avolume
_2rdacarrier
505 0 _aCómo son los jóvenes con los que trabajamos -- Los fundamentos de la pastoral juvenil -- El liderazgo en la pastoral juvenil -- Los acercamientos educativos en la pastoral juvenil -- Las barreras en la pastoral juvenil -- La puesta en práctica de la pastoral juvenil -- La pastoral en la adolescencia.
526 _aSEG42
526 _aSEG41
526 _aSEG40
526 _aSEG39
526 _aP94
526 _aP87
526 _aP86
526 _aP85
526 _aP77
526 _aP76
526 _aP35
541 _g001-0000614;
650 0 4 _aTrabajo de iglesia con jóvenes.
650 0 4 _aTrabajo de iglesia con adolescentes.
700 1 _aGulick, Annette,
_eautor.
700 1 _aMuniello, Gerardo,
_eautor.
700 1 _aHimitian, Silvia,
_eed.
910 _agl
_cjck
_d2012121
942 _2ddc
_cBOOK
949 _a259.2 O73
_wDEWEY
_c1
_i65792
_lCCODEBUL1
_mBUL
_p33.00
_r0
_sY
_tBOOK
_u2015-7-6
_xTEOLOGIA
_PP35
_o.STAFF. Colección Teología
994 _aC0
_bPEPRU
596 _a1
999 _a259.2 O73
_wDEWEY
_c54200
_i65792
_d54200
_e2018-10-16
_f2021-11-10
_g5
_lCCODEBUL1
_mBUL
_n4
_p33.00
_r0
_sY
_tBOOK
_u2015-7-6
_xTEOLOGIA
_PP35
_0COMPRA
_o.STAFF. Colección Teología
980 _81
_gALBERTO SANCHEZ Responsable de Automatización